Selviytyjät Suomi 2018 -kilpailijat - Statistics

Yleistilastot
  • Tätä visaa on pelattu 7 kertaa
  • Keskiarvotulos 8 / 16
Vastaustilastot
Sija Kilpailija % Oikein
2 Janni Hussi
80%
3 Kimmo Vehviläinen
80%
1 Sampo Kaulanen
80%
4 Ilari Sahamies
60%
8 James Nikander
60%
6 Juhana Helmenkalastaja
60%
9 Sara Chafak
60%
16 Ville Lång
60%
12 Cristal Snow
40%
7 Helena Ahti-Hallberg
40%
10 Kai Vaine
40%
5 Katja Ståhl
40%
15 Maria "Jekku" Berglund
40%
13 Mari "Mariko" Pajalahti
40%
14 Noora Karma
40%
11 Kalle Palander
20%
Ehtoja vastaavia visoja ei löytynyt
Tulosjakauma
Jokaisen tuloksen saaneiden osuus
Persentiili vastausten määrän mukaan
Tuloshistoriasi
Et ole pelannut tätä visaa